Responses for Show #7468 - Wednesday, February 15, 2017

2017 College Championship quarterfinal game 3.

Contestants

[<< previous game]

Clarissa Santori, a senior at Northeastern University from Ellicott City, Maryland

Mari Hanley, a junior at Stetson University from Lighthouse Point, Florida

Alex Bourzutschky, a junior at Caltech from Potomac, Maryland

[next game >>]

Jeopardy! Round responses

SHAKESPEAREAN YARD SALE
AMERICAN HISTORY
POLICE GLOSSARY
SINGLE-NAMED SINGERS
WHAT ARE YOU AFRAID OF?
"EV"ERYTHING
    $200 3
Julius Caesar

Alex
    $200 1
Prohibition

Clarissa
    $200 11
at large

Mari
    $200 14
Lorde

Clarissa
    $200 24
(Mari: What is [*]?... What is [**]?)
(Alex Trebek: Well, you got 'em both in, yes.)

thunder & lightning

Mari
    $200 16
(Alex Bourzutschky: What are [**]?)
[Originally ruled incorrect; ruled correct before Double Jeopardy!]

evaluations (or reviews)

AlexClarissa
    $400 5
Hamlet

Mari
    $400 2
Lee Harvey Oswald

Alex
    $400 12
(Alex Bourzutschky: What is pinch?)
(Mari: Uh, what is... sneak?)

snitch

AlexMari
Triple Stumper
    $400 15
Rihanna

Alex
    $400 25
acrophobia

Clarissa
    $400 17
evidence

Alex
    $600 6
[Mari did not include the leading article in her response.]

A Midsummer Night's Dream

Mari
    $600 4
Puerto Rico

Mari
    $600 13
(Alex Trebek: [*], Sir Robert Peel.)

bobby

Mari
    $600 18
Prince

Clarissa
    $600 26
clowns

Clarissa
    $600 21
evacuation

Alex
    $1,600 7
Macbeth

Mari
    $800 9
smallpox

Clarissa
    $800 29
frisk

Clarissa
    $800 19
Usher

Triple Stumper
    $800 27
arachnophobia

Mari
    $800 22
evocative

Clarissa
    $1000 8
Romeo and Juliet

Triple Stumper
    $1000 10
(William) "Boss" Tweed

Clarissa
    $1000 30
(Mari: What is dispatch?)

scanner

MariClarissa
    $1000 20
Solange

Clarissa
    $1000 28
speak in front of people

Mari
    $1000 23
eviscerate

Alex

Scores at the first commercial break (after clue 15):

Alex Mari Clarissa
$600 $3,600 $2,200

Scores at the end of the Jeopardy! Round:

Alex Mari Clarissa
$2,800 $4,600 $7,600

Double Jeopardy! Round responses

EASTERN RELIGION & PHILOSOPHY
WHAT A CHARACTER!
BIG ISLANDS
ACRONYMS & ABBREVIATIONS
SCIENCE
WHOSE LINE IS IT ANYWAY?
    $400 11
the Dalai Lama

Alex
    $400 13
Mike

Clarissa
    $400 1
(Mari: What is Tasmania?)
(Alex Bourzutschky: What is North Island?)

the South Island

AlexMariClarissa
    $400 20
rapid eye movement

Alex
    $400 6
inorganic

Mari
    $400 23
(Mari: Who is Patton?)

MacArthur

AlexMari
    $800 12
Confucius

Clarissa
    $800 14
Anchorman

Clarissa
    $800 2
New Guinea

Alex
    $800 22
(Alex Trebek: [*]--Bay Area Rapid Transit.)

BART

Mari
    $800 7
tritium

Alex
    $800 26
(Margaret) Thatcher

Clarissa
    $1200 18
Shiva

Alex
    $1200 15
Les Misérables

Mari
    $1200 3
(Mari: Um... what is... Crete?)

Cyprus

AlexMari
    $2,000 24
FIFA

Alex
    $1200 8
centigrade

Alex
    $1200 27
Anne Frank

Alex
    $1600 19
Taoism

Clarissa
    $1600 16
Smith

Mari
    $4,400 4
Tierra del Fuego

Alex
    $1600 25
training

Clarissa
    $1600 9
capillary action

Alex
    $1600 29
Helen Keller

Mari
    $2000 21
Sikhism

Mari
    $2000 17
(Alex Trebek: He's also a real-life figure.)

William Seward

Triple Stumper
    $2000 5
Luzon

Clarissa
    $2000 28
(Alex Trebek: New South Wales.)

NSW

Clarissa
    $2000 10
Homo habilis

Alex
    $2000 30
(Mari: Who is Andrew Jackson?)

(Commodore Oliver Hazard) Perry

Mari
Triple Stumper

Scores at the end of the Double Jeopardy! Round:

Alex Mari Clarissa
$20,000 $8,200 $18,000

Final Jeopardy! Round responses

U.S. POLITICAL PARTIES
(Alex Trebek: Obviously, we were going way, way back with this clue.)
MariWhat is the Whig Party?
$8,001
ClarissaWhat is the free soil party
$4,000
AlexWhat is the Whig Party?
$3,599
the Whig Party

Final scores:

Alex Mari Clarissa
$23,599 $16,201 $14,000
Automatic semifinalist 2nd place: $5,000 if eliminated 3rd place: $5,000 if eliminated

Game dynamics:

Coryat scores:

Alex Mari Clarissa
$16,400 $7,400 $18,000
20 R
(including 2 DDs),
2 W
15 R
(including 1 DD),
6 W
21 R,
0 W

Combined Coryat: $41,800

[game clues] [game scores] [suggest correction]

Game tape date: 2017-01-10
The J! Archive is created by fans, for fans. Scraping, republication, monetization, and malicious use prohibited; this site may use cookies and collect identifying information. See terms. The Jeopardy! game show and all elements thereof, including but not limited to copyright and trademark thereto, are the property of Jeopardy Productions, Inc. and are protected under law. This website is not affiliated with, sponsored by, or operated by Jeopardy Productions, Inc. Join the discussion at JBoard.tv.